| 000 | 00665 a2200205 4500 | ||
|---|---|---|---|
| 001 | 41381 | ||
| 005 | 20260407155708.0 | ||
| 008 | 260407a1979 arg spa d | ||
| 003 | AR-UNSa-BCEJYS | ||
| 040 |
_aAR-UNSa-BCEJYS _bspa _cAR-UNSa-BCEJYS |
||
| 080 |
_a347.736 _xQuiebra. Insolvencia. Suspensión de pagos. Bancarrota, procedimientos. Derecho Concursal |
||
| 245 | 1 | 0 |
_aEl concurso preventivo y la quiebra _pcomentario de la Ley 19.551 |
| 020 | _a950-14-1147-8 | ||
| 264 | 1 |
_aBuenos Aires : _bEdiciones Depalma _c1979 |
|
| 300 |
_a4 v. _c23 cm. |
||
| 041 | _aspa | ||
| 942 | _cBK | ||
| 590 | _aniveau_biblio:m niveau_hierar:0 | ||
| 100 | 1 | _aCamara, Héctor R. | |
| 999 |
_c3486 _d3486 |
||